| 000 | 00341nam a22001337a 4500 | ||
|---|---|---|---|
| 022 | _a0340568291 | ||
| 082 |
_a620.11 _bCAS _cL-21, P-82 |
||
| 100 |
_aCase John _940726 |
||
| 245 | _aStrength of Materials and Structures | ||
| 300 |
_a502p. : _bills. ; |
||
| 526 |
_a0 _b0 _c0 _d620_110000000000000_CAS |
||
| 650 |
_aMCE _9379 |
||
| 942 |
_2ddc _cBK |
||
| 999 |
_c544982 _d544982 |
||